Psicotécnico superior / (Registro nro. 55)
[ vista simple ]
| 000 -LEADER | |
|---|---|
| fixed length control field | 01424nam a2200229Ia 4500 |
| 003 - CONTROL NUMBER IDENTIFIER | |
| control field | PE SENCICO BE |
| 005 - DATE AND TIME OF LATEST TRANSACTION | |
| control field | 20251020182424.0 |
| 008 - FIXED-LENGTH DATA ELEMENTS--GENERAL INFORMATION | |
| fixed length control field | 200515s9999 xx 000 0 und d |
| 040 ## - CATALOGING SOURCE | |
| Original cataloging agency | PE SENCICO BE |
| Transcribing agency | PE SENCICO BE |
| 082 ## - DEWEY DECIMAL CLASSIFICATION NUMBER | |
| Classification number | 153.93 |
| Item number | C88 1993 |
| 100 1# - MAIN ENTRY--PERSONAL NAME | |
| Personal name | Cruz P., Roberto de la |
| 9 (RLIN) | 2117 |
| Relator term | autor |
| 245 10 - TITLE STATEMENT | |
| Title | Psicotécnico superior / |
| Statement of responsibility, etc. | Roberto de la Cruz P. |
| 250 ## - EDITION STATEMENT | |
| Edition statement | 6a ed. |
| 260 ## - PUBLICATION, DISTRIBUTION, ETC. | |
| Place of publication, distribution, etc. | Lima : |
| Name of publisher, distributor, etc. | W.H. Editores ; |
| Date of publication, distribution, etc. | 1993 |
| 300 ## - PHYSICAL DESCRIPTION | |
| Extent | 487 p. : |
| Other physical details | graf. ; |
| Dimensions | 20 cm. |
| 505 0# - FORMATTED CONTENTS NOTE | |
| Formatted contents note | Contar figuras -- Series numéricas -- Series literales -- Sumatoria -- Teoría de conjunto -- Fracción -- Porcentajes -- Problemas de psicotécnico -- Capacidades de análisis -- Capacidad de comparación -- Capacidad de imaginación -- Figuras análogas -- Test o cuadro de decisiones -- Razonamiento lógico -- Entrevista psicológica -- Psicotest de grado de madurez -- ¿Necesita ud. psiquiatra? -- Obras y autores literarios -- Jefes de estado y presidentes del Perú -- Inventos y descubrimientos científicos -- Paises del mundo -- Test de figura racional -- Test numérica y literales -- Conteo de cubos -- Memoria visual -- Habilidad operativa -- ¿Como esta su cultura? -- Examen de aptitud académica -- Problemas y ejercicios propuestos |
| 650 10 - SUBJECT ADDED ENTRY--TOPICAL TERM | |
| Topical term or geographic name entry element | Psicotécnico |
| 9 (RLIN) | 2140 |
| 650 20 - SUBJECT ADDED ENTRY--TOPICAL TERM | |
| Topical term or geographic name entry element | Pruebas de aptitud |
| 9 (RLIN) | 2141 |
| 650 20 - SUBJECT ADDED ENTRY--TOPICAL TERM | |
| Topical term or geographic name entry element | Aptitud académica |
| 9 (RLIN) | 2083 |
| 650 20 - SUBJECT ADDED ENTRY--TOPICAL TERM | |
| Topical term or geographic name entry element | Razonamiento matemático |
| 9 (RLIN) | 2118 |
| 942 ## - ADDED ENTRY ELEMENTS (KOHA) | |
| Koha item type | Libros |
| Source of classification or shelving scheme | Dewey Decimal Classification |
| Fecha de la última vez que lo usaron | Número de ingreso o de inventario | Pago total | Signatura topográfica completa | Código de barras | Precio efectivo desde | Tipo de documento | Estado perdido | Sistema de clasificación | Estado dañado | No es para préstamo | Retirado | Ubicación permanente | Ubicación actual | Fecha de adquisición |
|---|---|---|---|---|---|---|---|---|---|---|---|---|---|---|
| 15/05/2020 | 12505 | 153.93/C88/1993 | BibLima24040084 | 15/05/2020 | Libros | Dewey Decimal Classification | Biblioteca Central Lima | Biblioteca Central Lima | 15/05/2020 | |||||
| 15/05/2020 | 12506 | 153.93/C88/1993/ej. 2 | BibLima24040085 | 15/05/2020 | Libros | Dewey Decimal Classification | Biblioteca Central Lima | Biblioteca Central Lima | 15/05/2020 |